000 00353 a2200169 4500
001 184448
020 _a
040 _cMagnum
100 _aDimenstein, Gilberto
240 1 0 _aO mundo de rep
_lpor
245 1 0 _aO mundo de rep
300 _a31
362 0 _a2002
440 1 _aMelhoramentos
697 _aLITERATURA INFANTO-JUVENIL
942 _cBK
999 _c184448
_d184448